000 00489nam a22001457a 4500
082 _a621.3
100 _aIqbal, Muhammad Naeem
245 _aA Novel CPW Fed Super Wideband Heptagonal Fractal Monopole Antenna /
_cMuhammad Naeem Iqbal
260 _aIslamabad :
_bCEME - NUST,
_c2013.
300 _a92 p. ;
_c30cm.
650 _aElectrical Engineering-MS-Thesis
_916073
700 _aDr. Hamood-ur-Rahman
_931458
942 _2ddc
_cTHE
999 _c536349
_d536349